[Event "Moscow6"]
[Site "Moscow"]
[Date "1991.??.??"]
[Round "?"]
[White "Dragomarezkij, Evgeni"]
[Black "Zvjaginsev, Vadim"]
[Result "0-1"]
[WhiteElo "2445"]
[BlackElo "2400"]

1.d4 d5 2.c4 e6 3.Nc3 c6 4.e3 Nf6 5.Nf3 Nbd7 6.Qc2 Bd6 7.b3 O-O 8.Be2 Re8
9.O-O b6 10.Bb2 Bb7 11.Rfd1 Qe7 12.e4 Nxe4 13.Nxe4 dxe4 14.Qxe4 Nf8 15.Ne5 c5
16.Qe3 f6 17.Nf3 Rad8 18.Bd3 Bxf3 19.Qxf3 cxd4 20.Be4 e5 21.Bc6 Nd7 22.Re1 Bc5
23.h4 Qd6 24.h5 g6 25.g4 Rf8 26.hxg6 hxg6 27.Be4 Kg7 28.a3 a5 29.Qd3 Qe6
30.f3 f5 31.Bd5 Qf6 32.gxf5 Qg5+ 33.Kf1 Rh8 34.Bc1 Rh1+ 35.Ke2 Qg2+ 36.Kd1 Rxe1+
37.Kxe1 Rh8 38.Qe2 Qg3+  0-1

[Event "Russian Winter op"]
[Site "Moscow"]
[Date "1991.??.??"]
[Round "?"]
[White "Zvjaginsev, Vadim"]
[Black "Shabanov, Yuri"]
[Result "0-1"]
[WhiteElo "2405"]
[BlackElo "2410"]

1.d4 d5 2.c4 c6 3.Nf3 Nf6 4.Nc3 e6 5.e3 Nbd7 6.Qc2 Bd6 7.Be2 O-O 8.O-O Re8
9.Rd1 Qe7 10.b3 dxc4 11.Bxc4 h6 12.a4 e5 13.Nh4 Nb6 14.Ng6 Qc7 15.dxe5 Bxe5
16.Nxe5 Qxe5 17.Be2 Bf5 18.Qd2 Rad8 19.Qxd8 Rxd8 20.Rxd8+ Kh7 21.Bb2 Nbd5
22.Nxd5 Qxb2 23.Nxf6+ gxf6 24.Re1 Qxb3 25.Rb8 a5 26.h3 Bc2 27.Bf1 Qb4 28.Rc1 Qb2
29.Re1 Bxa4 30.e4 Bc2 31.Re3 a4 32.Rg3 Bxe4 33.Rgg8 f5 34.Bc4  0-1

[Event "URS-ch58"]
[Site "Moscow"]
[Date "1991.??.??"]
[Round "6"]
[White "Malaniuk, Vladimir P"]
[Black "Makarov, Marat"]
[Result "1-0"]
[WhiteElo "2510"]
[BlackElo "2475"]

1.d4 Nf6 2.Nf3 d5 3.c4 e6 4.Nc3 c6 5.e3 Nbd7 6.Qc2 Bd6 7.a3 O-O 8.b4 e5 9.cxd5 cxd5
10.Nb5 Bb8 11.dxe5 Nxe5 12.Bb2 Re8 13.Rc1 Nc6 14.Nbd4 Nxd4 15.Bxd4 Ne4 16.Be2 Bd6
17.Qb2 Bf8 18.O-O Be6 19.Rfd1 a5 20.b5 Qd6 21.a4 Rec8 22.Qa1 f6 23.Bb2 Rxc1
24.Rxc1 Rc8 25.Nd4 Rxc1+ 26.Bxc1 Bf7 27.f3 Nc5 28.Bd2 Qe5 29.Bd1 b6 30.Qc3 Bd6
31.g3 h5 32.Be1 g6 33.Bc2 Kg7 34.Kg2 Be8 35.Ne2 Qxc3 36.Bxc3 Kf7 37.Nf4 Bxf4
38.gxf4 Ke6 39.Bd4 Bf7 40.Kg3 Ke7 41.Kf2 Nd7 42.Ke2 Kd6 43.Kd2 Be8 44.Bb2 Bf7
45.Ba3+ Nc5 46.Bb2 Nd7 47.Bd4 Be8 48.Kc3 Bf7 49.Bd3 Be8 50.Bb1 Bf7 51.Bc2 Be8
52.e4 dxe4 53.fxe4 Bf7 54.h4 Kc7 55.Bd3 Be6 56.Bc4 Bxc4 57.Kxc4 Kd6 58.Bxf6 Nxf6
59.e5+ Ke6 60.exf6 Kxf6 61.Kd5 Kf5 62.Kc6 Kxf4 63.Kxb6 g5 64.Kxa5  1-0

[Event "New York op"]
[Site "New York"]
[Date "1991.??.??"]
[Round "6"]
[White "Bonin, Jay R"]
[Black "Garcia, Alvaro"]
[Result "0-1"]
[WhiteElo "2435"]
[BlackElo "2300"]

1.d4 Nf6 2.c4 e6 3.Nf3 d5 4.Nc3 c6 5.e3 Nbd7 6.Qc2 Bd6 7.Be2 O-O 8.O-O Qe7
9.Bd2 dxc4 10.Bxc4 e5 11.h3 h6 12.Nh4 Qd8 13.Ng6 exd4 14.Nxf8 Nb6 15.Ne2 Nxc4
16.Qxc4 dxe3 17.fxe3 Bxf8 18.Rad1 Be6 19.Qc2 Qa5 20.b3 Re8 21.Nf4 Bc8 22.Qc4 Qc5
23.Qxc5 Bxc5 24.Ne2 Ne4 25.Bc1 Be6 26.Rd3 Bb6 27.Rfd1 Nf6 28.Nd4 Bd5 29.Bb2 Ne4
30.Nf5 f6 31.Rxd5 cxd5 32.Rxd5 Rd8 33.Bd4 Rxd5 34.Ne7+ Kf7 35.Nxd5 Bxd4 36.exd4 Ke6
37.Nc7+ Kd7 38.Nd5 Kd6 39.Ne3 b6 40.g4 Nc3 41.Kg2 Nxa2 42.Kf3 g6 43.h4 Nc1
44.h5 gxh5 45.gxh5 Nxb3 46.Ke4 Nd2+ 47.Kd3 Nf3 48.Nf5+ Kd5 49.Nxh6 Nxd4 50.Ng4 f5
51.h6 Ne6 52.h7 Nf4+ 53.Ke3 Ng6 54.Nf2 a5 55.Nd3 Nh8 56.Kf4 Ke6 57.Kg5 a4
58.Nf4+ Kf7 59.Nd3 a3 60.Nb4 Ke6 61.Kf4 Nf7 62.Na2 Nh8 63.Nb4 Kf6 64.Nd5+ Kg7
65.Nb4 Kg6 66.Na2 Kf6 67.Nb4 Ng6+ 68.Ke3 f4+ 69.Kd3 Kg7 70.Kc3 Ne5  0-1

[Event "Nimes op"]
[Site "Nimes"]
[Date "1991.??.??"]
[Round "5"]
[White "Hracek, Zbynek"]
[Black "Lukasiewicz, Grzegorz"]
[Result "1-0"]
[WhiteElo "2485"]
[BlackElo "2315"]

1.d4 d5 2.c4 e6 3.Nf3 c6 4.Nc3 Nf6 5.e3 Nbd7 6.Qc2 Bd6 7.b3 O-O 8.Bb2 Qe7
9.O-O-O a5 10.Kb1 dxc4 11.bxc4 Ba3 12.Bxa3 Qxa3 13.Bd3 Re8 14.g4 Nf8 15.Ne5 N6d7
16.f4 Nxe5 17.fxe5 Bd7 18.Ne4 b5 19.c5 b4 20.Qb3 Qxb3+ 21.axb3 a4 22.Nd6 Reb8
23.Bc4 a3 24.Rdf1 Be8 25.g5 Ra7 26.Rf2 Re7 27.h4 Ra8 28.Ka2 Rb8 29.h5 Ra8
30.Rhf1 Rc7 31.Bd3 Rb8 32.g6 hxg6 33.hxg6  1-0

[Event "NLD-ch"]
[Site "NLD"]
[Date "1991.??.??"]
[Round "2"]
[White "Brenninkmeijer, Joris"]
[Black "Kuijf, Marinus"]
[Result "1-0"]
[WhiteElo "2525"]
[BlackElo "2460"]

1.d4 d5 2.c4 c6 3.Nc3 Nf6 4.e3 e6 5.Nf3 Nbd7 6.Qc2 Bd6 7.Be2 O-O 8.O-O dxc4
9.Bxc4 b5 10.Be2 Bb7 11.Rd1 Qc7 12.e4 e5 13.dxe5 Nxe5 14.Nd4 Ng6 15.g3 Rfe8
16.Bf3 Rad8 17.Nf5 Bc5 18.Be3 Bxe3 19.Nxe3 a6 20.Bg2 Qb6 21.Rxd8 Rxd8 22.Rd1 Ne5
23.h3 Bc8 24.Ne2 Rxd1+ 25.Qxd1 c5 26.b3 c4 27.Qd4 Qxd4 28.Nxd4 cxb3 29.axb3 Bb7
30.f4 Nd3 31.e5 Bxg2 32.Kxg2 Ne4 33.Kf3 Nec5 34.Nd5 a5 35.Ke3 b4 36.Ne7+ Kf8
37.Nec6 g5 38.Nxa5 gxf4+ 39.gxf4 Nc1 40.Kd2 N1d3 41.Ke3 Kg7 42.Nb7 Kg6 43.f5+ Kg5
44.Nxc5 Nxc5 45.h4+ Kh5 46.Kf4 Nd3+ 47.Ke4 Nf2+ 48.Ke3 Ng4+ 49.Kf4 Kxh4 50.Nc6 h5
51.Nxb4 Kh3 52.Nd5 Nh6 53.e6 fxe6 54.fxe6 Ng8 55.e7  1-0

[Event "NLD-ch"]
[Site "NLD"]
[Date "1991.??.??"]
[Round "8"]
[White "Piket, Jeroen"]
[Black "Kuijf, Marinus"]
[Result "1-0"]
[WhiteElo "2590"]
[BlackElo "2460"]

1.c4 c6 2.d4 d5 3.Nf3 e6 4.Nc3 Nf6 5.e3 Nbd7 6.Bd3 dxc4 7.Bxc4 b5 8.Bd3 a6
9.e4 c5 10.e5 cxd4 11.Nxb5 Ng4 12.Nd6+ Bxd6 13.exd6 Nc5 14.b4 Nxd3+ 15.Qxd3 e5
16.Qe4 Rb8 17.Nxe5 O-O 18.Nc6 Qxd6 19.Bf4 Qf6 20.Nxb8 Bf5 21.Qf3 Re8+ 22.Kf1 Qg6
23.h3 Nf6 24.Kg1 Be4 25.Qg3 Qf5 26.Bc7 Bb7 27.Kh2 Nh5 28.Rhe1 Rf8 29.Qd6 h6
30.Qxd4 Qg5 31.Qg4  1-0

[Event "NLD-ch"]
[Site "NLD"]
[Date "1991.??.??"]
[Round "11"]
[White "De Boer, Gert Jan"]
[Black "Kuijf, Marinus"]
[Result "1-0"]
[WhiteElo "2430"]
[BlackElo "2460"]

1.d4 d5 2.c4 c6 3.Nf3 Nf6 4.Nc3 e6 5.e3 Nbd7 6.Qc2 Bd6 7.Be2 O-O 8.O-O dxc4
9.Bxc4 c5 10.Rd1 a6 11.a4 Qc7 12.Qe2 b6 13.d5 Ne5 14.dxe6 Bxe6 15.Bxe6 Nxf3+
16.Qxf3 fxe6 17.h3 Rad8 18.Bd2 Be5 19.Be1 c4 20.Rac1 Rc8 21.Rc2 Qc6 22.Qxc6 Rxc6
23.Ne2 Nd5 24.e4 Nf4 25.Nxf4 Bxf4 26.Bb4 Rfc8 27.g3 Bg5 28.f4 Bd8 29.Rcd2 Bc7
30.Rd7 b5 31.a5 g5 32.Re7 gxf4 33.Rdd7 Be5 34.gxf4 Bf6 35.Rxh7 Rd8 36.e5 Rxd7
37.Rxd7 Bh4 38.Rd6 Rxd6 39.exd6 Kf7 40.d7 Be7 41.Kf2 Bd8 42.Kf3 Be7 43.h4 Bd8
44.h5 Kg7 45.Ke4 Kf6 46.Bc3+ Kf7 47.h6 Kg6 48.Ke5  1-0

[Event "Oberwart op"]
[Site "Oberwart"]
[Date "1991.??.??"]
[Round "?"]
[White "Cvitan, Ognjen"]
[Black "Thorhallsson, Throstur"]
[Result "1-0"]
[WhiteElo "2495"]
[BlackElo "2425"]

1.Nf3 d5 2.c4 c6 3.e3 Nf6 4.Nc3 e6 5.d4 Nbd7 6.Bd3 dxc4 7.Bxc4 b5 8.Bd3 a6
9.e4 c5 10.e5 cxd4 11.Nxb5 axb5 12.exf6 Bb7 13.O-O gxf6 14.Bxb5 Rg8 15.Bf4 Qb6
16.a4 e5 17.Bg3 Bd6 18.Re1 Kd8 19.Nd2 Bb4 20.Re2 Nc5 21.Nc4 Qe6 22.Nxe5 fxe5
23.Rxe5 Qxe5 24.Bxe5 Rxg2+ 25.Kf1 Ne6 26.Qb3 Bc5 27.Bc4 Be4 28.Bd5 d3 29.Bxe4 Rxf2+
30.Ke1 Re2+ 31.Kd1  1-0

[Event "URS Army-ch"]
[Site "Odessa"]
[Date "1991.??.??"]
[Round "?"]
[White "Belikov, Vladimir"]
[Black "Savchenko, Stanislav"]
[Result "1/2-1/2"]
[WhiteElo "2415"]
[BlackElo "2475"]

1.d4 d5 2.c4 c6 3.Nf3 Nf6 4.Nc3 e6 5.e3 Nbd7 6.Bd3 dxc4 7.Bxc4 b5 8.Be2 Bb7
9.O-O a6 10.e4 c5 11.e5 Nd5 12.a4 b4 13.Ne4 cxd4 14.Bg5 Qb8 15.Qxd4 h6 16.Bh4 Qa7
17.Qxa7 Rxa7 18.Bg3 Nc5 19.Nxc5 Bxc5 20.Rfc1 Be7 21.Nd4 Kd7 22.Nb3 Rc8 23.Na5 Rxc1+
24.Rxc1 Bc8 25.h4 Rc7 26.Nc4 Bc5 27.Kf1 Bb7 28.a5 g6 29.Rd1 h5 30.Nd2 Bd4
31.Nc4 Bc5  1/2-1/2

[Event "Oostende op"]
[Site "Oostende"]
[Date "1991.??.??"]
[Round "9"]
[White "Piket, Jeroen"]
[Black "Gurevich, Mikhail"]
[Result "0-1"]
[WhiteElo "2590"]
[BlackElo "2630"]

1.Nf3 Nf6 2.d4 e6 3.c4 d5 4.Nc3 c6 5.e3 Nbd7 6.Bd3 dxc4 7.Bxc4 b5 8.Bd3 Bb7
9.e4 b4 10.Na4 c5 11.e5 Nd5 12.O-O cxd4 13.Nxd4 Nxe5 14.Bb5+ Nd7 15.Nc6 Qc7
16.Qxd5 exd5 17.Re1+ Be7 18.Nxe7 Kd8 19.Bd2 Qa5 20.Bc6 Re8 21.Bxb7 Rxe7 22.Rxe7 Kxe7
23.Bxa8 Qxa4 24.Bxd5 Qb5 25.Re1+ Kf6 26.Be4 Nc5 27.Bf3 a5 28.Be2 Qa4 29.Be3 Ne6
30.Bc4 Qc2 31.Bxe6 Kxe6 32.a3 Kd5 33.axb4 axb4 34.Bc1 Kc4 35.h4 Kb3 36.g3 Qc6
37.h5 h6 38.Bf4 Qd5 39.Bc1 Kc2 40.Bf4 Qxh5 41.Re4 Qb5 42.b3 Kxb3 43.Bd6 f5
44.Re3+ Kc4 45.Bf8 Qd7  0-1

[Event "Oslo Cup"]
[Site "Oslo"]
[Date "1991.??.??"]
[Round "2"]
[White "Djurhuus, Rune"]
[Black "Shabalov, Alexander"]
[Result "1/2-1/2"]
[WhiteElo "2400"]
[BlackElo "2505"]

1.d4 d5 2.Nf3 c6 3.c4 Nf6 4.e3 e6 5.Nc3 Nbd7 6.Qc2 Bd6 7.h3 O-O 8.g4 Qe7
9.g5 Nh5 10.Bd3 g6 11.Bd2 dxc4 12.Bxc4 b5 13.Be2 Bb7 14.Ne4 c5 15.Rg1 Rac8
16.Qd3 Bb8 17.Nxc5 Nxc5 18.dxc5 Qxc5 19.Rc1 Qe7 20.Rxc8 Rxc8 21.Qxb5 Bd5
22.a3 Bd6 23.Qa4 Qb7 24.Nd4 Qxb2 25.Qd7 Rc1+ 26.Bxc1 Qxc1+ 27.Bd1 Qc3+ 28.Kf1 Qd3+
29.Ke1 Qc3+ 30.Kf1 Qd3+ 31.Ke1 Bxa3 32.Qd8+ Kg7 33.Qa5 Bb2 34.Ne2 Bf3 35.Qd2 Qa3
36.Kf1 e5 37.Rg4 e4 38.Nd4 Bc3 39.Qc2 Bxg4 40.hxg4 Bxd4 41.gxh5 Bc5 42.h6+ Kg8
43.Qxe4 Bf8 44.f4 Qb4  1/2-1/2

[Event "Ostrava"]
[Site "Ostrava"]
[Date "1991.??.??"]
[Round "4"]
[White "Plachetka, Jan"]
[Black "Bashkov, Viacheslav"]
[Result "1/2-1/2"]
[WhiteElo "2470"]
[BlackElo "2470"]

1.d4 d5 2.c4 e6 3.Nc3 c6 4.Nf3 Nf6 5.e3 Nbd7 6.Qc2 Bd6 7.b3 O-O 8.Bb2 Qe7
9.Be2 b6 10.O-O Bb7 11.e4 dxe4 12.Nxe4 Nxe4 13.Qxe4 Nf6 14.Qh4 Ba3 15.Bc3 Bb4
16.Bxb4 Qxb4 17.Rad1 Rad8 18.Ne5 c5 19.dxc5 Qxc5 20.Ng4 Qe7 21.Bd3 h6 22.Rd2 Rfe8
23.Nxf6+ Qxf6 24.Qxf6 gxf6 25.Rfd1 Kf8 26.f3 Ke7 27.Kf2 f5 28.Ke3 Rd6 29.Bc2 Red8
30.Rxd6 Rxd6 31.Rxd6 Kxd6 32.b4 Bc8 33.Kf4 e5+ 34.Kg3 Be6 35.Bd3 e4 36.fxe4 fxe4
37.Bxe4 Bxc4 38.a3 Ke5 39.Bc6 Bd3 40.Kh4 Bg6 41.Be8 Kd4 42.g4 Kc3 43.Kg3 Kb3
44.h4 h5 45.g5 Kxa3 46.b5 Kb4 47.Kf4 Kc5 48.Bd7 Kd6 49.Bf5 Kd5 50.Bd7 Bd3
51.Bc6+ Kd6 52.Be8 Ke7 53.Bc6 Ke6 54.Ke3 Bf1 55.Kf4 Bc4 56.Bf3 Bxb5 57.Bxh5 a5
58.Bg4+ Ke7 59.h5 a4 60.h6 Kf8 61.Bd1 Bd7 62.Ke5 Kg8 63.Kf6 Bc6 64.Bh5 Be4
65.Bxf7+ Kh7 66.Ke5 Bg6  1/2-1/2

[Event "Osuna op"]
[Site "Osuna"]
[Date "1991.??.??"]
[Round "?"]
[White "Estremera Panos, Sergio"]
[Black "Yakovich, Yuri"]
[Result "0-1"]
[WhiteElo "2300"]
[BlackElo "2530"]

1.d4 d5 2.Nf3 Nf6 3.c4 e6 4.Nc3 c6 5.e3 Nbd7 6.Qc2 Bd6 7.Be2 O-O 8.O-O dxc4
9.Bxc4 b5 10.Be2 Bb7 11.Bd2 a6 12.Rfd1 c5 13.dxc5 Bxc5 14.Rac1 Qe7 15.Ng5 Rac8
16.Qb1 Bd6 17.h3 Ne5 18.Nce4 Nxe4 19.Nxe4 Ba8 20.Bc3 f5 21.Ng3 Nc4 22.Bxc4 bxc4
23.Qc2 Bxg3 24.fxg3 Be4 25.Qf2 e5 26.Qe1 Rfd8 27.Bb4 Qb7 28.Rxd8+ Rxd8 29.Ba5 Qxb2
30.Qf1 Rd3 31.Rxc4 Rd1  0-1

[Event "Oviedo rapid"]
[Site "Oviedo"]
[Date "1991.??.??"]
[Round "8"]
[White "Izeta Txabarri, Felix"]
[Black "San Segundo, Pablo"]
[Result "1/2-1/2"]
[WhiteElo "2380"]
[BlackElo "2430"]

1.d4 d5 2.c4 c6 3.Nf3 Nf6 4.Nc3 e6 5.e3 Ne4 6.Bd3 f5 7.Ne5 Qh4 8.O-O Nd7
9.f4 Be7 10.Bd2 Nxe5 11.fxe5 O-O 12.Nxe4 fxe4 13.Rxf8+ Bxf8 14.Be2 Bd7 15.Qb3 b6
16.a4 Be7 17.a5 b5 18.cxb5 cxb5 19.a6 Rf8 20.Rf1 Rxf1+ 21.Bxf1 Qh5 22.Qc2 Bd8
23.Qc5 Bb6 24.Qd6 Qe8 25.Bb4 Qd8 26.Be2 Bc7 27.Qe7 Qxe7 28.Bxe7 Bb6 29.Kf2 Kf7
30.Bd6 Ke8 31.Ke1 Kd8 32.Kd2 Kc8 33.Kc3  1/2-1/2

[Event "Palma de Mallorca op"]
[Site "Palma de Mallorca"]
[Date "1991.??.??"]
[Round "?"]
[White "Eslon, Jaan"]
[Black "Flear, Glenn C"]
[Result "0-1"]
[WhiteElo "2380"]
[BlackElo "2470"]

1.d4 d5 2.c4 e6 3.Nc3 c6 4.e3 Nf6 5.Nf3 Nbd7 6.a3 Bd6 7.b4 O-O 8.Bb2 e5 9.cxd5 exd4
10.Nxd4 cxd5 11.Be2 Nb6 12.O-O Re8 13.Nf3 a6 14.Qd4 Bg4 15.Rac1 Rc8 16.Ba1 h6
17.Rfd1 Bb8 18.h3 Bh5 19.g4 Bg6 20.Bf1 Qd6 21.Bg2 Qe6 22.Ne2 Be4 23.Nf4 Qd6
24.h4 Rxc1 25.Rxc1 Qd8 26.g5 hxg5 27.hxg5 Bxf3 28.Bxf3 Be5 29.Qd3 Bxa1 30.Rxa1 Ne4
31.g6 fxg6 32.Rd1 Qg5+ 33.Kf1 Re5 34.Bxe4 dxe4 35.Qd8+ Qxd8 36.Rxd8+ Kf7
37.Nxg6 Rd5 38.Rxd5 Nxd5 39.Ne5+ Ke6 40.Nc4 Nc3 41.Nd2 Kd5 42.Kg2 Nb5 43.f3 exf3+
44.Kxf3 Nxa3 45.Kf4 Nc2 46.e4+ Kc6 47.e5 Nxb4 48.Kf5 Kd5 49.Ne4 Nc6 50.Nc3+ Kc4  0-1

[Event "Palma de Mallorca op"]
[Site "Palma de Mallorca"]
[Date "1991.??.??"]
[Round "?"]
[White "Flear, Christine"]
[Black "Gutierrez, J."]
[Result "1-0"]
[WhiteElo "2225"]
[BlackElo "2320"]

1.d4 e6 2.c4 d5 3.Nc3 c6 4.Nf3 Nf6 5.e3 Nbd7 6.Be2 dxc4 7.Nd2 b5 8.a4 Bb4
9.axb5 Bxc3 10.bxc3 cxb5 11.Ba3 Bb7 12.Bf3 Nd5 13.Ne4 Nxc3 14.Nd6+ Kf8 15.Nxb7+ Kg8
16.Nxd8 Rxd8 17.Qd2 Na4 18.Qa5  1-0

[Event "Pamplona op"]
[Site "Pamplona"]
[Date "1991.??.??"]
[Round "?"]
[White "Paglilla, Carlos"]
[Black "Novikov, Igor A"]
[Result "0-1"]
[WhiteElo "2385"]
[BlackElo "2545"]

1.d4 d5 2.Nf3 Nf6 3.c4 e6 4.Nc3 c6 5.e3 Nbd7 6.Bd3 dxc4 7.Bxc4 b5 8.Bb3 b4
9.Ne2 Bb7 10.Nf4 Bd6 11.Ng5 Bxf4 12.exf4 h6 13.Nf3 O-O 14.O-O c5 15.Be3 Rc8
16.Ne5 Nxe5 17.fxe5 Nd5 18.Qg4 Nxe3 19.fxe3 Bd5 20.Bxd5 Qxd5 21.Qf3 Qxf3
22.Rxf3 cxd4 23.exd4 Rc2 24.Rf2 Rfc8 25.Raf1 Rxf2 26.Rxf2 Rc1+ 27.Rf1 Rc4
28.Rd1 Rc2 29.d5 exd5 30.Rxd5 Rxb2 31.Ra5 Rb1+ 32.Kf2 Ra1 33.Rd5 a5 34.Kg3 Kf8
35.Rxa5 b3 36.Rb5 bxa2 37.Ra5 Ke7 38.Ra6 Kd7 39.Kg4 Kc7 40.h3 Kb7 41.Ra5 Kb6
42.Ra8 Kc5 43.Kg3 Kd5 44.Ra5+ Kd4 45.Kf2 Ke4 46.Kg3 Kf5 47.h4 g6 48.Kh2 Kf4
49.g3+ Ke4 50.Kg2 Kd4 51.Kh2 Kc3 52.Ra8 Rd1 53.Rxa2 Rd2+ 54.Rxd2 Kxd2 55.Kg1 Ke2  0-1

[Event "Pamplona op"]
[Site "Pamplona"]
[Date "1991.??.??"]
[Round "?"]
[White "Urday, Henry"]
[Black "Braga, Fernando"]
[Result "1-0"]
[WhiteElo "2480"]
[BlackElo "2445"]

1.d4 d5 2.c4 c6 3.Nf3 Nf6 4.e3 e6 5.Nc3 Nbd7 6.Qc2 Bd6 7.Be2 O-O 8.O-O Qe7
9.a3 dxc4 10.Bxc4 e5 11.h3 b5 12.Ba2 Bb7 13.e4 c5 14.dxe5 Nxe5 15.Nh4 b4
16.Nf5 Qd7 17.Nxd6 Qxd6 18.Rd1 Qe7 19.Nd5 Nxd5 20.exd5 Qd6 21.Be3 Rfc8 22.Qe4 a5
23.Bf4 Re8 24.Re1 f6 25.Bg3 Re7 26.Re3 Rae8 27.Rae1 a4 28.axb4 cxb4 29.Bb1 g6
30.Rd1 Rd8 31.Qh4 Kg7 32.Bc2 Bxd5 33.Bxa4 Qe6 34.Qxb4 Rb7 35.Qxb7+ Bxb7 36.Rxd8 Qc4
37.Bb3 Qc1+ 38.Kh2 Qf1 39.Bd5 Bxd5 40.Rxd5 Nc4 41.Re7+ Kh6 42.b3  1-0

[Event "URS-ch Club Pavlodar"]
[Site "Pavlodar"]
[Date "1991.??.??"]
[Round "?"]
[White "Mitenkov, Alexey"]
[Black "Kozlov, Oleg"]
[Result "1-0"]
[WhiteElo "2380"]
[BlackElo "2395"]

1.d4 d5 2.Nf3 Nf6 3.c4 e6 4.Nc3 c6 5.e3 Nbd7 6.Bd3 dxc4 7.Bxc4 b5 8.Bd3 a6
9.e4 c5 10.e5 cxd4 11.Nxb5 axb5 12.exf6 Qb6 13.fxg7 Bxg7 14.O-O Nc5 15.Bf4 O-O
16.Be5 Nxd3 17.Qxd3 Bxe5 18.Nxe5 f6 19.Qg3+ Kh8 20.Rac1 Ra7 21.Qf4 Kg8 22.Ng4 e5
23.Nxf6+ Qxf6 24.Qxf6 Rxf6 25.Rxc8+ Rf8 26.Rc5 Rxa2 27.Rxb5 e4 28.g3 d3 29.Rd1 Rc8
30.Rb4 e3 31.fxe3 Rc2 32.Rb3 Re2 33.Rb7 d2 34.Kf1 Rxh2 35.Rb4 Kg7 36.Rf4 Rxb2
37.Rf2 Rh1+ 38.Ke2 Rxd1 39.Kxd1 Kg6 40.Rxd2 Rb1+ 41.Ke2 Kf5 42.Kf3 Rf1+ 43.Kg2 Ra1
44.Rd5+ Ke4 45.Rd7 Kxe3 46.Rxh7 Ke4 47.Rh5 Ra8 48.Kh3 Rf8 49.Kg4 Rg8+ 50.Rg5 Ra8
51.Rg6 Ke5 52.Kh5 Rh8+ 53.Rh6 Rg8 54.g4 Rf8 55.g5 Kf5 56.Rh7 Ke6 57.g6 Rf1
58.Kh6 Rh1+ 59.Kg7 Ra1 60.Rh8 Ra7+ 61.Kh6  1-0

[Event "Philadelphia World op"]
[Site "Philadelphia"]
[Date "1991.??.??"]
[Round "2"]
[White "Savchenko, Stanislav"]
[Black "Shipman, Walter"]
[Result "1-0"]
[WhiteElo "2485"]
[BlackElo "2285"]

1.d4 d5 2.c4 c6 3.Nf3 Nf6 4.Nc3 e6 5.e3 Nbd7 6.Bd3 Bd6 7.O-O O-O 8.e4 dxc4
9.Bxc4 e5 10.Bg5 h6 11.Bh4 Qe7 12.Re1 Rd8 13.d5 Nb6 14.Bb3 Bb4 15.h3 Nbd7
16.Qe2 Nf8 17.Qc4 Bxc3 18.Qxc3 Ng6 19.dxc6 bxc6 20.Bg3 Re8 21.Qxc6 Bb7 22.Qa4 Nh5
23.Rad1 Qc5 24.Qd7 Re7 25.Qg4 Ngf4 26.Bxf4 Nxf4 27.Nh4 Bc8 28.Nf5 Bxf5 29.exf5 Qc6
30.Re3 Kh8 31.Kh2 Rg8 32.Rc3 Qb7 33.Rd6 Rc7 34.Rg3 Qc8 35.Qh4 Rc6 36.Rxc6 Qxc6
37.Bxf7 Rc8 38.Qe7 Qf6 39.Qxa7 e4 40.Qb7 Rf8 41.Qxe4 Rxf7 42.Qxf4 Qxb2 43.a4 Qc2
44.Rf3 Kh7 45.a5 Rf6 46.Qe5 Qa4 47.Rc3 Qd7 48.Rc5  1-0

[Event "Ponferrada op"]
[Site "Ponferrada"]
[Date "1991.??.??"]
[Round "?"]
[White "Frois, Antonio"]
[Black "Morovic Fernandez, Ivan"]
[Result "0-1"]
[WhiteElo "2400"]
[BlackElo "2535"]

1.Nf3 d5 2.c4 c6 3.d4 Nf6 4.e3 e6 5.Nc3 Nbd7 6.Qc2 Bd6 7.Be2 O-O 8.O-O dxc4
9.Bxc4 Qe7 10.a3 b5 11.Be2 a6 12.Bd2 Bb7 13.Ne4 Nxe4 14.Qxe4 e5 15.Qh4 e4
16.Qxe7 Bxe7 17.Ne1 c5 18.dxc5 Nxc5 19.Bc3 Na4 20.Bd4 Rac8 21.Bg4 f5 22.Bd1 Bf6
23.Bxa4 bxa4 24.Bxf6 Rxf6 25.Rd1 Rb6 26.Rd2 a5 27.Rc2 Rbc6 28.Rxc6 Rxc6 29.Kh1 Kf7
30.h3 Rc1 31.Rg1 Ke6 32.g4 fxg4 33.hxg4 Kd5 34.Kg2 Kc4 35.g5 Kb3  0-1

[Event "Bohemians"]
[Site "Prague"]
[Date "1991.??.??"]
[Round "5"]
[White "Danner, Georg"]
[Black "Vavra, Pavel"]
[Result "1/2-1/2"]
[WhiteElo "2360"]
[BlackElo "2275"]

1.d4 d5 2.c4 c6 3.e3 Nf6 4.Nf3 e6 5.Nc3 Nbd7 6.Bd3 dxc4 7.Bxc4 b5 8.Bd3 a6
9.e4 c5 10.d5 c4 11.dxe6 cxd3 12.exd7+ Qxd7 13.O-O Bb7 14.Re1 Be7 15.Bg5 Rd8
16.e5 Ng4 17.Bxe7 Qxe7 18.h3 d2 19.Re2 Bxf3 20.gxf3 Nh6 21.Ne4 O-O 22.Rxd2 Rxd2
23.Qxd2 Qxe5 24.a4 Nf5 25.axb5 axb5 26.Ra3 h6 27.Rd3 Nh4 28.Ng3 Qf6 29.Qc3 Qe6
30.Kh2 Rc8 31.Qd4 Rc4 32.Qd8+ Kh7 33.Re3 Qc6 34.Qd3+ g6 35.Ne4 Kg7 36.Qd6  1/2-1/2

[Event "JUG-Cup final"]
[Site "Pula"]
[Date "1991.??.??"]
[Round "2"]
[White "Cvitan, Ognjen"]
[Black "Todorovic, Goran M"]
[Result "1-0"]
[WhiteElo "2535"]
[BlackElo "2490"]

1.Nf3 d5 2.c4 e6 3.d4 Nf6 4.Nc3 c6 5.e3 Nbd7 6.Bd3 dxc4 7.Bxc4 b5 8.Bd3 a6
9.e4 c5 10.e5 cxd4 11.Nxb5 Nxe5 12.Nxe5 axb5 13.O-O Qd5 14.Qe2 Ba6 15.Bg5 h6
16.Bh4 Be7 17.Rac1 O-O 18.Nc6 Bd6 19.Bxf6 gxf6 20.a4 Kh8 21.axb5 Bb7 22.f4 f5
23.Qh5 Kg7 24.Bc4 Qe4 25.Rce1 Bxc6 26.Rxe4 Bxe4 27.Qe2 Rg8 28.Bd3 Bd5 29.g3 Kh7
30.Qd2 Rac8 31.Ra1 Rg4 32.Kf1 Rgg8 33.Ra7 Kg6 34.Rd7 Bc5 35.Qe2 Ra8 36.Rxd5 exd5
37.Qg4+ Kf6 38.Qxf5+ Ke7 39.Qe5+ Kf8 40.b6 Rd8 41.Qc7  1-0

[Event "JUG-Cup final"]
[Site "Pula"]
[Date "1991.??.??"]
[Round "2"]
[White "Nikolic, Nebojsa"]
[Black "Lazic, Miroljub"]
[Result "1-0"]
[WhiteElo "2395"]
[BlackElo "2400"]

1.d4 d5 2.c4 c6 3.Nf3 Nf6 4.Nc3 e6 5.e3 Nbd7 6.Bd3 Bd6 7.e4 dxe4 8.Nxe4 Nxe4
9.Bxe4 Nf6 10.Bc2 Qa5+ 11.Bd2 Bb4 12.a3 Bxd2+ 13.Qxd2 Qc7 14.O-O O-O 15.Rfe1 c5
16.dxc5 Qxc5 17.Ne5 b6 18.Qd3 Re8 19.Ba4 Rf8 20.Bc2 Re8 21.Rad1 Qe7 22.Ba4 Rf8
23.Bc6 Bb7 24.Qd6 Qxd6 25.Rxd6 Bxc6 26.Nxc6 Rfe8 27.f3 Kf8 28.b4 Rec8 29.b5 a6
30.a4 axb5 31.axb5 Ne8 32.Rd7 Ra4 33.Rc1 Rca8 34.c5 Nf6 35.Rdd1 Nd5 36.Rxd5 exd5
37.cxb6 Ra1 38.Rxa1 Rxa1+ 39.Kf2  1-0

[Event "Reggio Emilia91 Top15"]
[Site "Reggio Emilia"]
[Date "1991.??.??"]
[Round "?"]
[White "Epishin, Vladimir"]
[Black "Ljubojevic, Ljubomir"]
[Result "0-1"]
[WhiteElo "2620"]
[BlackElo "2590"]

1.d4 d5 2.c4 c6 3.Nc3 Nf6 4.e3 e6 5.Nf3 Nbd7 6.Qc2 Be7 7.Be2 O-O 8.O-O b6
9.cxd5 exd5 10.b3 Bb7 11.Bb2 Re8 12.Ne5 c5 13.Nxd7 Qxd7 14.dxc5 bxc5 15.Rad1 Rac8
16.Bf3 Bd6 17.Ne2 d4 18.Bxb7 Qxb7 19.exd4 Qa6 20.Ng3 Bxg3 21.fxg3 cxd4 22.Qd3 Qxa2
23.Qxd4 Rc2 24.Rd2 Qxb3 25.Rxc2 Qxc2 26.h3 Re2 27.Qd8+ Ne8 28.Qd5 Qc7 29.Bd4 a6
30.Kh1 h6 31.g4 Re6 32.Qf3 Qd7 33.Bc3 Nd6 34.Rd1 Qc7 35.Qd3 Qc6 36.Bb2 Nc4
37.Bd4 Qd5 38.Rc1 Nd6 39.Rc5 Qb7 40.Kh2 Ne4 41.Re5 Qc6 42.Bb2 Rxe5 43.Bxe5 f6
44.Qb3+ Kh7 45.Bf4 a5 46.Qf7 Ng5 47.Bxg5 hxg5 48.h4 Qd6+ 49.g3 Qd2+ 50.Kh3 Qe1
51.Kg2 Qe4+ 52.Kh2 Qxg4 53.h5 Qf5 54.g4 Qf2+  0-1

[Event "Reggio Emilia91 Top15"]
[Site "Reggio Emilia"]
[Date "1991.??.??"]
[Round "?"]
[White "Gulko, Boris F"]
[Black "Ljubojevic, Ljubomir"]
[Result "1/2-1/2"]
[WhiteElo "2575"]
[BlackElo "2590"]

1.d4 d5 2.c4 c6 3.Nc3 Nf6 4.e3 e6 5.Nf3 Nbd7 6.Bd3 Be7 7.b3 O-O 8.O-O b6
9.Bb2 Bb7 10.Qe2 c5 11.cxd5 exd5 12.Rfd1 Re8 13.Rac1 a6 14.Bf5 Nf8 15.dxc5 bxc5
16.Na4 N8d7 17.e4 Bc6 18.Ne5 Nxe5 19.Bxe5 g6 20.Bh3 Bxa4 21.bxa4 d4 22.Qc4 Nd7
23.Bf4 Bf8 24.Qd5 Nf6 25.Qxd8 Raxd8 26.f3 Nd7 27.Bc7 Ne5 28.Bb6 g5 29.Bxc5 g4
30.Bxg4 Nxg4 31.fxg4 Bxc5  1/2-1/2

[Event "Rimavska Sobota"]
[Site "Rimavska Sobota"]
[Date "1991.??.??"]
[Round "4"]
[White "Hracek, Zbynek"]
[Black "Molnar, Vojtech"]
[Result "1-0"]
[WhiteElo "2485"]
[BlackElo "2300"]

1.d4 e6 2.c4 d5 3.Nf3 Nf6 4.Nc3 c6 5.e3 Be7 6.Qc2 Nbd7 7.b3 O-O 8.Bb2 b6
9.Be2 Bb7 10.O-O Rc8 11.Rfd1 Qc7 12.Rac1 Rfd8 13.Bd3 h6 14.Qe2 Qb8 15.Ne5 dxc4
16.bxc4 c5 17.f4 Qa8 18.Bb1 Ne4 19.Nxd7 Rxd7 20.Nxe4 Bxe4 21.d5 Bxb1 22.Rxb1 Rcd8
23.Qg4 Bf8 24.e4 Qb7 25.f5 Kh7 26.fxe6 fxe6 27.Qxe6 Qa6 28.Qf5+ Kg8 29.Qf1 Qxa2
30.e5 b5 31.e6 Rb7 32.Be5 Bd6 33.Bxd6 Rxd6 34.Qf4 Qa6 35.Rxb5 Qa4 36.Rf1 Rxb5
37.Qxd6  1-0

[Event "Rimavska Sobota"]
[Site "Rimavska Sobota"]
[Date "1991.??.??"]
[Round "9"]
[White "Plachetka, Jan"]
[Black "Polgar, Sofia"]
[Result "1-0"]
[WhiteElo "2425"]
[BlackElo "2425"]

1.d4 d5 2.c4 e6 3.Nc3 c6 4.Nf3 Nf6 5.e3 Nbd7 6.Qc2 Bd6 7.b3 O-O 8.Bb2 Qe7
9.Be2 dxc4 10.bxc4 e5 11.O-O e4 12.Nd2 Re8 13.c5 Bc7 14.Nc4 b5 15.cxb6 axb6
16.a4 Nf8 17.Ne5 Ng6 18.Ba3 Qe6 19.Bc4 Nd5 20.Nxc6 Nxe3 21.fxe3 Qxc4 22.Qf2 Bf4
23.exf4 Qxc6 24.Qe3 Nh4 25.d5 Qg6 26.Qg3 Qf6 27.Nb5 Ba6 28.Qg5 Qxg5 29.fxg5 e3
30.Rfe1 Bxb5 31.axb5 Nf5 32.d6 Nd4 33.d7 Red8 34.Be7 Rab8 35.Bxd8 Rxd8 36.Rxe3 Kf8
37.Rc1 Ne6 38.Rc6 Rxd7 39.Rxb6  1-0